|
|
|
|
| LEADER |
00000cam a2200000 7i4500 |
| 001 |
0000008223 |
| 005 |
20160810.0 |
| 040 |
|
|
|a INS
|
| 090 |
0 |
0 |
|a JQ715
|b B77 1973
|
| 110 |
1 |
|
|a Malaysia .
|b Jabatan Perdana Menteri .
|b Bahagian Penyelarasan, pelaksanaan dan kemajaun Pentadbiran
|
| 245 |
1 |
0 |
|a Buku rasmi Organisasi kerajaan Malaysia :
|b panduan pegawai 1973
|c Bahagian Penyelarasan, Perlaksanaan dan Kamajuan Pentadbiran, Jabatan Perdana Menteri
|
| 260 |
|
|
|a Kuala Lumpur :
|b Jabatan Perdana Menteri ,
|c 1973
|
| 300 |
|
|
|a xii, 371p. ;
|c 24sm.
|
| 650 |
0 |
0 |
|a Administrative agencies
|z Malaysia
|
| 651 |
|
0 |
|a Malaysia
|x Politics and government
|
| 999 |
|
|
|a 0000022143
|b BOOK
|c Open Shelf
|e Default branch
|